Takamatsunomiya Kinen Winning Horse - Statistics

General Stats
  • This quiz has been taken 4 times
  • The average score is 20 of 53
Answer Stats
Answer % Correct
Bamboo Memory バンブーメモリー
75%
Curren Chan カレンチャン
75%
Danon Smash ダノンスマッシュ
75%
Flower Park フラワーパーク
75%
Lord Kanaloa ロードカナロア
75%
Matikanetannhauser マチカネタンホイザ
75%
Mejiro Ardan メジロアルダン
75%
Oguri Cap オグリキャップ
75%
Shinko Forest シンコウフォレスト
75%
Shinko King シンコウキング
75%
Suzuka Phoenix スズカフェニックス
75%
Aerovelocity エアロヴェロシティ
50%
Believe ビルーヴ
50%
Big Arthur ビッグアーザー
50%
Copano Richard コパノリチャード
50%
First Force ファストフォース
50%
King Halo キングヘイロー
50%
Kinshasa no Kiseki キンシャサノキセキ
50%
Mad Cool マッドクール
50%
Mozu Superflare モズスーパーフレア
50%
Mr Melody ミスターメロディ
50%
Naran Huleg ナランフレグ
50%
Nice Nature ナイスネイチャ
50%
Oreha Matteruze オレハマッテルゼ
50%
Seiun Kosei セイウンコウセイ
50%
Tosho Boy トウショウボーイ
50%
Admire Max アドマイヤマックス
25%
Daitaku Helios ダイタクヘリオス
25%
Fine Grain ファイングレイン
25%
Hagino Top Lady ハギノトップレディ
25%
Haiseiko ハイセイコー
25%
Kazushige カズシゲ
25%
Laurel Guerreiro ローレルゲレイロ
25%
Longchamp Boy ロンシャンボーイ
25%
Masa Lucky マサラッキ
25%
Mejiro Mont Cenis メジロモンスニ
25%
Mr. Spain ミスタースペイン
25%
Rugby Ball ラグビーボール
25%
Shounan Kamp ショウナンカンプ
25%
Shunsakuo シュンサクオー
25%
Trot Star トロットスター
25%
Find Needle ファインニードル
0%
Fujino Parthia フジノパーシア
0%
Hagino Kamui O ハギノカムイオー
0%
Itto イットー
0%
Josetsu ジョセツ
0%
Kyoei Rare キョウエイレア
0%
Land Hiryu ランドヒリュウ
0%
Lindo Pleben リンドプルバン
0%
Nehai Jet ネーハイジェット
0%
Sunnung Dale サニングデール
0%
Takeden Brid タケダンバード
0%
Yamanin Goro ヤマニンゴロー
0%
No matching quizzes found
Score Distribution
Percent of People with Each Score
Percentile by Number Answered
Your Score History
You have not taken this quiz